Catalog

Record Details

Catalog Search



The fundamentals : a testimony to the truth Vol. 8 Cover Image Book Book

The fundamentals : a testimony to the truth Vol. 8

Record details

  • Physical Description: 127 p.
  • Publisher: Chicago Testimony Publishing Company 1910-1915

Available copies

  • 1 of 1 copy available at Common Catalog SPOK.

Holds

  • 0 current holds with 1 total copy.
Show All Copies
Location Call Number / Copy Notes Barcode Shelving Location Status Due Date
ETS Library 230.04626 424470000259 Volný výběr Available -

LDR 00647nam a2 00229
00137838
003CZ-PrJAB
00520021220000000.0
008010730s1910 xxu e |||| |eng
009us
035 . ‡a(CONS)2985
035 . ‡aKPS8912
040 . ‡aABG450
041 . ‡aeng
08214. ‡a230.04626
110 . ‡aTestimony Publishing Company
245 . ‡aThe fundamentals : ‡ba testimony to the truth ‡nVol. 8
260 . ‡aChicago ‡bTestimony Publishing Company ‡c1910-1915
300 . ‡a127 p.
653 . ‡aThe fundamentals ‡aa testimony to the truth
8524 . ‡bETS ‡bETS ‡cVolný výběr ‡j230.04626 ‡gA ‡p424470000259
910 . ‡aABG450
999 . ‡a2985 ‡bAUTOGEN ‡c2985 ‡tbiblio
905 . ‡uadmin
901 . ‡a37838 ‡b ‡c37838 ‡tbiblio ‡sets

Additional Resources